आरोग्य प्रकाश आयुर्वेदीय औषधे आणि त्यांचाविविध रोगांवर वापर चिकित्सा स्वस्थवृत्त ऋतुचर्या इ.चे विवरण. (Record no. 1353555)

MARC details
000 -LEADER
fixed length control field 01732nam a2200181Ia 4500
008 - FIXED-LENGTH DATA ELEMENTS--GENERAL INFORMATION
fixed length control field 151202s9999||||xx |||||||||||||| ||und||
082 ## - DEWEY DECIMAL CLASSIFICATION NUMBER
Item number PNVM-123426
100 ## - MAIN ENTRY--PERSONAL NAME
Personal name रामनारायणशास्त्री प्रधानचिकित्सक वैद्यराज बैद्यनाथ.
245 ## - TITLE STATEMENT
Title आरोग्य प्रकाश आयुर्वेदीय औषधे आणि त्यांचाविविध रोगांवर वापर चिकित्सा स्वस्थवृत्त ऋतुचर्या इ.चे विवरण.
260 ## - PUBLICATION, DISTRIBUTION, ETC. (IMPRINT)
Name of publisher, distributor, etc "श्रीबैद्यनाथ आयुर्वेद भवन लि.कोलकाता,पटना,झांसी नागपुर."
260 ## - PUBLICATION, DISTRIBUTION, ETC. (IMPRINT)
Date of publication, distribution, etc 1970
300 ## - PHYSICAL DESCRIPTION
Extent 560
600 ## - SUBJECT ADDED ENTRY--PERSONAL NAME
Personal name रामनारायणशास्त्री प्रधानचिकित्सक वैद्यराज बैद्यनाथ.
630 ## - SUBJECT ADDED ENTRY--UNIFORM TITLE
Uniform title आरोग्य प्रकाश आयुर्वेदीय औषधे आणि त्यांचाविविध रोगांवर वापर चिकित्सा स्वस्थवृत्त ऋतुचर्या इ.चे विवरण.
700 ## - ADDED ENTRY--PERSONAL NAME
Personal name रामनारायणशास्त्री प्रधानचिकित्सक वैद्यराज बैद्यनाथ.
730 ## - ADDED ENTRY--UNIFORM TITLE
Uniform title आरोग्य प्रकाश आयुर्वेदीय औषधे आणि त्यांचाविविध रोगांवर वापर चिकित्सा स्वस्थवृत्त ऋतुचर्या इ.चे विवरण.
942 ## - ADDED ENTRY ELEMENTS (KOHA)
Koha item type Book
Holdings
Withdrawn status Lost status Damaged status Not for loan Home library Current library Date acquired Cost, normal purchase price Total Checkouts Full call number Barcode Date last seen Cost, replacement price Price effective from Koha item type
        Pune Nagar Vachan Mandir, Pune Pune Nagar Vachan Mandir, Pune 06/21/2015 0.00   PNVM-123426 PNVM-123426 12/02/2015 0.00 12/02/2015 Book